|
|
|
|
| LEADER |
00000nab a2200000uu 4500 |
| 001 |
vtls010908520 |
| 003 |
SK-MaSNL |
| 005 |
20260225183048.0 |
| 008 |
230121|2006 xo |||||||||||||||||slo| |
| 015 |
|
|
|a SNBRB
|
| 035 |
|
|
|a (urnnbn)urn:nbn:sk:snk:ar-a07yrv
|
| 035 |
|
|
|a (uuid)4f07415b-ee57-41fb-9d6f-9563fbc02375
|
| 035 |
|
|
|a urn:nbn:sk:snk-ab8ye5
|
| 040 |
|
|
|a SNKBUCL
|b slo
|c SNKBUCL
|e AACR2
|
| 041 |
0 |
|
|a slo
|
| 044 |
|
|
|a xo
|c SK
|
| 245 |
0 |
0 |
|a PRIPRAVOVANÉ APROXIMAČNÉ A VYKONÁVACIE PREDPISY V LEGISLATÍVE BOZP
|
| 773 |
0 |
|
|t Bezpečnosť práce : odborný časopis pre problematiku bezpečnosti a ochrany zdravia pri práci
|g Roč. 6, č. 2 (2006), s. 15-16
|
| 954 |
|
|
|a odborná, vedecká literatúra pôvodná (slovenská)
|2 lita
|
| 958 |
|
|
|a OND
|
| 958 |
|
|
|a EUIPO
|
| 958 |
|
|
|a article10
|
| 999 |
|
|
|c 1865588
|d 1867518
|